LEADER 01879nam0 22004213i 450 001 PUV0510151 005 20231121125616.0 100 $a20190130d1972 ||||0itac50 ba 101 | $agrc$afre 102 $afr 181 1$6z01$ai $bxxxe 182 1$6z01$an 200 1 $a˜Les œorigines$aRéponse aux Telchines$aElégies$aEpigrammes$aIambes et pi*ces lyriques$aHécalé$aHymnes$fCallimaque$gtexte etabli et traduit par Emile Cahen 210 $aParis$cLes Belles Lettres$d1972 215 $a331 p.$d19 cm 225 | $aCollection des universités de France 300 $aTesto greco con traduzione francese a fronte 410 0$1001CFI0082639$12001 $aCollection des universités de France 423 0$12001 $aHécalé. -$1700 0$aCallimachus$3CFIV034755$4070 423 0$12001 $aRéponse aux Telchines. -$1700 0$aCallimachus$3CFIV034755$4070 423 0$12001 $aElegies$1700 0$aCallimachus$3CFIV034755$4070 423 0$12001 $aIambes et pieces lyriques$1700 0$aCallimachus$3CFIV034755$4070 423 0$12001 $aHymnes. -$1700 0$aCallimachus$3CFIV034755$4070 423 0$12001 $aEpigrammes. -$1700 0$aCallimachus$3CFIV034755$4070 500 10$aAitia.$3CFI0331800$9CFIV034755$914478 606 $aCallimaco$xOpere$xEdizioni critiche$2FIR$3RMLC429984$9N 676 $a881.01$9Poesia greca classica. Periodo antico, fino al 499 ca.$v22 700 0$aCallimachus$3CFIV034755$4070$0161836 702 1$aCahen$b, Émile$3SBLV131100 790 0$aCallimaco$3CFIV034757$zCallimachus 801 3$aIT$bIT-01$c20190130 850 $aIT-FR0017 899 $aBiblioteca umanistica Giorgio Aprea$bFR0017 $eN 912 $aPUV0510151 950 0$aBiblioteca umanistica Giorgio Aprea$d 52BLG Call.1bis$e 52MAG0000138725 VMB RS $fA $h20190130$i20190130 977 $a 52 996 $aAitia$914478 997 $aUNICAS